Správa společnosti a konkurenceschopnost: Existuje vazba?

Problematika vzťahu medzi úrovňou správy spoločnosti a jej konkurencieschopnosťou. Konkurencieschopnosť a konkurenčná výhoda. Hľadanie odpovedí na niektoré zdroje konkurenčnej výhody a cesty k jej získaniu. Prezentácia kvalitatívnych a kvantitatívnych prístupov merania úrovne správy spoločnosti. Ana...

Description complète

Enregistré dans:
Détails bibliographiques
Auteur principal: Hučka, Miroslav
Format: Chapitre de livre
Langue:tchèque
Sujets:
Tags: Ajouter un tag
Pas de tags, Soyez le premier à ajouter un tag!

MARC

LEADER 00000naa$a2200000$$$4500
001 0038809
005 20231114082025.6
041 0 |a cze 
044 |a CZ 
245 1 0 |a Správa společnosti a konkurenceschopnost: Existuje vazba?  |c Miroslav Hučka 
520 |a Problematika vzťahu medzi úrovňou správy spoločnosti a jej konkurencieschopnosťou. Konkurencieschopnosť a konkurenčná výhoda. Hľadanie odpovedí na niektoré zdroje konkurenčnej výhody a cesty k jej získaniu. Prezentácia kvalitatívnych a kvantitatívnych prístupov merania úrovne správy spoločnosti. Analýza výsledkov empirických prieskumov v angloamerickom prostredí. Vyslovenie hypotézy pre české prostredie. 
610 2 0 |a správa spoločnosti 
610 2 0 |a výhody konkurenčné 
610 2 0 |a konkurencieschopnosť 
610 2 0 |a analýzy 
610 2 0 |a meranie 
100 1 |a Hučka, Miroslav